| 000 | 00656nam a2200217Ia 4500 | ||
|---|---|---|---|
| 005 | 20221118140051.0 | ||
| 008 | 210716s1979 xx 000 0 und d | ||
| 020 | _a9788177584097 | ||
| 040 | _cAIMIT LIBRARY | ||
| 041 | _aeng | ||
| 082 |
_a621.392 _21 _bMANM |
||
| 100 |
_aMano, M Morris. _962640 |
||
| 245 |
_aDigital logic and computer design / _cBy M Morris Mano. |
||
| 250 | _a1st ed. | ||
| 260 |
_aNew Delhi : _bPHI Learning Pvt Ltd , _c1979. |
||
| 300 |
_axii,612p. ; _c22.5 cm. |
||
| 650 |
_aBinary systems _962641 |
||
| 650 |
_aSequential logic _962642 |
||
| 650 |
_aDigital integrated circuits _962643 |
||
| 942 |
_2ddc _cBK _e1st _k621.392 MANM |
||
| 999 |
_c191837 _d191837 |
||